000 00352nam a22001457a 4500
003 MACL
005 20170312123223.0
008 170312b xxu||||| |||| 00| 0 eng d
040 _cMACL
100 _aSingh Sunjay K,
_966847
245 _aTughlaq Dynasty
260 _aDelhi
_bRudra Publishers
_c2015
650 _aHistory
_966848
942 _2ddc
_cBK
999 _c56129
_d56129